000 00540nam a2200193Ia 4500
008 151121s9999||||xx |||||||||||||| ||und||
082 _a920/Shu
082 _bHNW-26549
100 _aShukla Chandrashanker-Edi
245 _aIncidents of Gandhiji's Life
260 _b"Vora & Co Pub। Pvt। Ltd।, Bombay"
260 _c--
300 _a344
600 _aShukla Chandrashanker-Edi
630 _aIncidents of Gandhiji's Life
700 _aShukla Chandrashanker-Edi
730 _aIncidents of Gandhiji's Life
942 _cBOOK
999 _c1223123
_d1223120